000 00538nam a2200193Ia 4500
005 20250508164701.0
008 008 250505s9999 xx 000 0 eng d
020 _a81-250-2007-1
037 _aTextual
040 _aFEDL
_beng
_cFEDL
041 _aeng
_2eng
084 _a954, ORI
_qFEDL
100 _aPati Biswamoy
245 0 _aSituating social history: Orissa (1800-1997)
260 _aBangalore, India
_bOrient Longman Ltd.
_c2001
300 _axiv,182p.
942 _cTEXL
_h954, ORI
999 _c1390530
_d1390530